[Event "Chess House GM-Tourney 2018"]
[Site "Aarhus"]
[Date "2018.02.18"]
[Round "9"]
[White "Kveinys, Aloyzas"]
[Black "Kollars, Dmitrij"]
[Result "1/2-1/2"]
[WhiteElo "2550"]
[BlackElo "2509"]
[Annotator "TA"]
[PlyCount "76"]
[EventDate "2018.??.??"]
[EventType "tourn"]
[EventCountry "DEN"]
[SourceTitle "playchess.com"]
[Source "ChessBase"]
[SourceQuality "1"]

{[%evp 28,76,19,14,45,56,75,84,92,7,8,12,19,0,0,0,12,0,0,0,0,0,0,0,0,0,0,-10,0,0,0,0,0,0,0,0,0,-27,0,0,0,0,0,0,0,0,0,0,0,0,0]} 1. e4 e5 2. Nf3 Nc6 3. Bb5 {[%cal Bf1b5,Bb5a4,Ba4b3][%mdl 32]} a6 4. Ba4 Nf6 5. O-O Be7 6. Re1 b5 7. Bb3 d6 8. c3 O-O 9. h3 Na5 10. Bc2 c5 11. d4 Nd7 12. b3 exd4 {C96: Spanische Partie (Abweichungen vom Tschigorin-System)} 13. cxd4 Nc6 14. Nc3 Bf6 15. Be3 {LiveBook: 18 Partien} Bb7 {[#]} 16. e5 $146 {[%mdl 512]} ({Vorgänger:} 16. Rc1 cxd4 17. Nxd4 Nxd4 18. Bxd4 Rc8 19. Bb1 b4 20. Ne2 Rxc1 21. Qxc1 {½-½ (137) Dominguez Perez,L (2716)-Nakamura,H (2733) Khanty-Mansiysk 2010}) 16... dxe5 17. dxc5 Nd4 {Droht ...Lxf3 und aus.} 18. Nxd4 (18. Ne4 $16) 18... exd4 $11 19. Bxd4 {Und Le4 würde nun gewinnen.} Nxc5 $1 20. Bxc5 (20. Qh5 {feels hotter.} g6 21. Bxf6 Qxf6 22. Qxc5 Rac8 23. Qe7) 20... Bxc3 21. Bxf8 Bxa1 22. Qxa1 {[%csl Gf8][%cal Ra1g7] [#]} Qxf8 23. Qe5 g6 24. Qe7 Bd5 25. Qe5 Be6 26. Be4 Rd8 27. h4 Qg7 28. Qg5 Qd4 29. Bf3 {und nun wäre Td1 stark für Weiss.} Qd2 30. Re3 Qc1+ 31. Kh2 Qc7+ 32. g3 Rd2 33. Re2 {Die Stellung ist ausgeglichen.} Rxe2 34. Bxe2 Qc2 35. Qd8+ Kg7 36. Qd4+ Kg8 37. Qd8+ Kg7 38. Qd4+ Kg8 {Precision: Weiß = 57%, Schwarz = 70%.} 1/2-1/2

[Event "Chess House GM-Tourney 2018"]
[Site "Aarhus"]
[Date "2018.02.18"]
[Round "9"]
[White "Thybo, Jesper Sondergaard"]
[Black "Olsen, Filip Boe"]
[Result "1-0"]
[WhiteElo "2479"]
[BlackElo "2300"]
[Annotator "TA"]
[PlyCount "97"]
[EventDate "2018.??.??"]
[EventType "tourn"]
[EventCountry "DEN"]
[SourceTitle "playchess.com"]
[Source "ChessBase"]
[SourceQuality "1"]

{[%evp 19,97,0,0,-4,6,-41,0,-51,-56,-47,-13,-5,0,0,0,-14,0,-19,-20,-68,-71,-74,-33,-41,-29,-27,37,26,37,36,38,40,43,26,200,193,206,188,185,197,197,175,179,112,365,359,344,296,285,222,202,120,127,110,231,230,222,223,235,188,191,182,176,152,139,127,231,248,356,331,447,445,450,441,409,395,522,522,690,721]} 1. Nf3 d5 2. d4 Nf6 3. c4 e6 4. g3 Be7 5. Bg2 O-O 6. Qc2 c5 7. O-O cxd4 8. Nxd4 {E06: Closed Catalan: Early deviations} e5 9. Nf5 d4 10. Nxe7+ Qxe7 {LiveBook: 24 Games} 11. b3 {Threatens to win with Ba3.} Nc6 12. Nd2 $146 {[%cal Bb1d2,Bd2e4,Be4g5][%mdl 32]} ({Predecessor:} 12. Ba3 Nb4 13. Bxb4 Qxb4 14. Nd2 Qe7 15. Ne4 Ne8 {0-1 (31) Miroshnichenko,E (2617)-Anand,V (2781) Germany 2004}) 12... Rd8 13. a3 ({White should try} 13. Ne4 $11) 13... Bg4 $15 14. Qd3 Re8 15. Ne4 Nd7 16. Ng5 Nf6 17. Ne4 $1 Nd7 18. h3 (18. Ng5 {is more complex.}) 18... Bf5 19. Qf3 Bg6 20. g4 Bxe4 21. Qxe4 Nc5 22. Qb1 $1 e4 (22... d3 $11 23. Ra2 Nd4 24. exd3 Ndxb3) 23. b4 $1 $36 {[%cal Rb4c5][%mdl 2048] White has good play.} Na4 24. Qc2 Nb6 25. Bb2 Rad8 26. Rad1 {aiming for c5.} d3 $2 (26... Qe6 $11) 27. exd3 $18 exd3 28. Rxd3 Rxd3 29. Qxd3 Qe2 {[#]} 30. Qxe2 $1 Rxe2 31. c5 (31. Ba1 $18) 31... Na4 $2 {[%mdl 8192]} (31... Rxb2 $16 32. cxb6 axb6) 32. Ba1 Rd2 33. Rc1 a6 34. Re1 {[%cal Re1e8]} f6 35. Bf1 ({White should play} 35. Be4 $18) 35... Kf8 $16 36. Bc4 Nd4 (36... Nb2 $16 37. Bxb2 Rxb2) 37. Bxd4 $1 $18 Rxd4 {[%mdl 4096] Endgame KRB-KRN} 38. Bf1 a5 39. Rb1 ({Not} 39. bxa5 Nxc5 40. Rc1 Ne6 $16) 39... Nc3 40. Rb3 axb4 41. axb4 Ne4 42. Bg2 Nd2 {[#]} (42... g6 $16 {was called for.} 43. Bxe4 Rxe4) 43. Rb2 $1 Nc4 (43... Ne4 $142 44. Re2 Nc3) 44. Rc2 Na3 45. Ra2 Nb5 46. Ra8+ Ke7 47. Rb8 Rxb4 48. Rxb7+ Kd8 49. Bf1 {Precision: White = 63%, Black = 25%.} 1-0

[Event "Chess House GM-Tourney 2018"]
[Site "Aarhus"]
[Date "2018.02.18"]
[Round "9"]
[White "Thogersen, Rasmus"]
[Black "Teplyi, Igor"]
[Result "0-1"]
[WhiteElo "2334"]
[BlackElo "2402"]
[Annotator "TA"]
[PlyCount "54"]
[EventDate "2018.??.??"]
[EventType "tourn"]
[EventCountry "DEN"]
[SourceTitle "playchess.com"]
[Source "ChessBase"]
[SourceQuality "1"]

{[%evp 19,54,35,45,47,60,59,58,79,80,55,57,29,30,32,44,-60,-66,-147,-166,-213,-213,-221,-210,-275,-265,-266,-267,-228,-144,-220,-225,-218,-232,-223,-191,-504,-493]} 1. e4 c5 2. Nf3 d6 3. d4 cxd4 4. Nxd4 Nf6 5. Nc3 a6 6. Be2 e5 7. Nf3 {[%cal Bd4f3,Bf3d2,Bd2c4,Bc4e3,Be3d5][%mdl 32]} h6 8. Nd2 {B92: Sicilian Najdorf: 6 Be2} Be6 9. Nc4 b5 (9... Nc6 10. Ne3 Ne7 11. O-O Rc8 12. Bf3 g6 13. Qd3 Bg7 14. Rd1 Rc6 15. b3 Qc8 {1-0 (48) Vachier Lagrave,M (2789)-Korobov,A (2652) Riadh 2017}) 10. Ne3 Nbd7 {LiveBook: 3 Games} 11. a4 $146 ({Predecessor:} 11. O-O Be7 12. Ncd5 Nb6 13. Qd3 O-O 14. Rd1 Nfxd5 15. exd5 Bd7 {1-0 (50) Libiszewski,F (2523)-Paragua,M (2500) Rockville 2017}) 11... b4 12. Ncd5 a5 13. Bb5 Rc8 14. Nxf6+ Qxf6 15. Nd5 Qg6 16. O-O Qxe4 17. Bxd7+ ({Better is} 17. Nb6 $1 $14 Rc7 18. c4) 17... Bxd7 $15 18. Re1 ({White has to play} 18. Nb6 $1 $15) 18... Qxc2 $40 {[%mdl 128] Black is out for blood.} 19. Be3 Qxd1 20. Rexd1 Be7 21. Nb6 Rc2 22. Rd5 Be6 23. Rxa5 O-O 24. Nd5 (24. Rb5 $17) 24... Bxd5 $19 25. Rxd5 Rxb2 26. a5 Ra8 27. a6 $2 {[#]} (27. Bb6) 27... Rxa6 $1 {[%mdl 512] Precision: White = 37%, Black = 81%.} 0-1

[Event "Chess House GM-Tourney 2018"]
[Site "Aarhus"]
[Date "2018.02.18"]
[Round "9"]
[White "Matthiesen, Martin"]
[Black "Miedema, David"]
[Result "1-0"]
[WhiteElo "2314"]
[BlackElo "2371"]
[Annotator "TA"]
[PlyCount "93"]
[EventDate "2018.??.??"]
[EventType "tourn"]
[EventCountry "DEN"]
[SourceTitle "playchess.com"]
[Source "ChessBase"]
[SourceQuality "1"]

{[%evp 28,93,45,45,101,91,154,146,179,183,191,192,192,173,177,143,226,202,201,201,210,220,182,139,153,145,204,168,160,166,169,181,187,164,210,224,234,132,204,197,163,217,178,191,355,310,414,433,616,607,827,807,998,1003,1583,1503,1484,1016,862,0,1311,1312,1822,1772,1767,1761,2085,1942]} 1. d4 Nf6 2. c4 g6 3. Nc3 Bg7 4. e4 O-O 5. Nf3 d6 6. Be2 e5 7. d5 a5 8. Bg5 {[%cal Bc1g5,Bg5h4,Bh4g3,Bg3f2][%mdl 32]} h6 9. Bh4 Nbd7 10. Nd2 Nc5 11. O-O Bd7 12. b3 c6 13. a3 g5 14. Bg3 cxd5 {E92: King's Indian: Classical: 6 Be2 e5: 7 dxe5, 7 Be3 and Petrosian System without 7...Nbd7} 15. cxd5 {[#] LiveBook: 7 Games} h5 $146 (15... b5 $14) ({Predecessor:} 15... b5 16. b4 axb4 17. axb4 Na4 18. Nxb5 Bxb5 19. Bxb5 Nc3 20. Rxa8 Qxa8 21. Bc6 Qb8 22. Qe1 {½-½ (22) Iotov,V (2509)-Paunovic,D (2535) Granada 2007}) 16. f3 $16 (16. Bxh5 a4 $11) 16... b5 (16... a4 $142) 17. Bf2 ({Don't do} 17. Bxb5 $6 Bxb5 18. Nxb5 Qb6 $14) (17. Nxb5 Qb6 $11) 17... Qb8 18. a4 b4 19. Nb5 Rc8 20. Nc4 Bf8 21. Rb1 Ra6 (21... h4 $16 22. Be3 Nh7) 22. Qd2 Nh7 23. Qe3 Be7 24. Rbc1 g4 {Threatens to win with ...Bg5.} 25. h4 gxh3 {And now ...Bg5 would win.} 26. g3 $1 {[%cal Bg2g3,Bg3g4][%mdl 32]} Kh8 (26... Bg5 $16 27. f4 Bh6) 27. Ncxd6 Rxd6 28. Rxc5 Rg6 29. Rxc8+ Qxc8 30. Kh2 h4 31. g4 ({But not} 31. gxh4 $2 Rg2+ 32. Kh1 Qg8 $19) 31... Qc2 {[#]} 32. Bc4 (32. Kxh3 Ng5+ 33. Kg2 Bc5 $14) (32. Qd3 $1 $18 {[%cal Rd3c2]} Qxd3 33. Bxd3) 32... Bg5 (32... Ng5 $16 {was necessary.} 33. Kh1 Rg8) 33. Qe2 $18 Bf4+ {[#]} 34. Kh1 $1 Qxe2 35. Bxe2 Bg3 $2 (35... f5 {is a better defense.}) 36. Bc5 Ng5 37. Nd6 h2 (37... Nh7 $142 38. Nxf7+ Kg7) 38. Bb5 Bxb5 39. axb5 Rg8 40. b6 {[%cal Bb5b6,Bb6b7][%mdl 32]} a4 41. bxa4 b3 42. Ba3 Nh3 43. Bc5 $2 (43. b7 $18) 43... b2 $2 {[%mdl 8192]} (43... Ng5 $11 44. b7 Rb8) 44. Rb1 {White is clearly winning.} f5 45. b7 fxg4 46. fxg4 Kh7 47. Rxb2 {Precision: White = 73%, Black = 21%.} 1-0

[Event "Chess House GM-Tourney 2018"]
[Site "Aarhus"]
[Date "2018.02.18"]
[Round "9"]
[White "Hansen, Bjarne"]
[Black "Hansen, Lars Bo"]
[Result "1-0"]
[WhiteElo "2301"]
[BlackElo "2560"]
[Annotator "TA"]
[PlyCount "126"]
[EventDate "2018.??.??"]
[EventType "tourn"]
[EventCountry "DEN"]
[SourceTitle "playchess.com"]
[Source "ChessBase"]
[SourceQuality "1"]

{[%evp 21,126,14,23,-12,-7,-20,-4,-18,-7,-22,-8,-13,-19,-23,7,2,18,0,0,0,15,18,15,3,41,0,0,7,4,4,2,-8,15,15,9,12,18,18,28,23,28,10,39,29,44,24,29,28,38,26,89,97,85,38,42,0,0,0,102,111,113,105,114,114,115,59,106,63,71,33,90,87,133,123,121,113,123,110,106,50,122,91,120,100,120,125,121,118,396,396,391,370,374,372,262,164,164,164,164,163,163,160,176,91,134,123,125]} 1. d4 e6 2. Nf3 c5 3. g3 cxd4 4. Nxd4 Nf6 5. Bg2 d5 6. O-O e5 7. Nb3 Be6 8. c4 {D02: 1 d4 d5 2 Nf3 sidelines, including 2...Nf6 3 g3 and 2...Nf6 3 Bf4} (8. Bg5 Nbd7 9. e4 dxe4 10. Bxe4 Qc7 11. Bg2 Be7 12. Nc3 O-O 13. Re1 Rad8 14. Qe2 h6 15. Bxf6 Bxf6 {½-½ (107) Caruana,F (2802)-Nakamura,H (2786) chess.com INT 2017}) 8... Nc6 9. cxd5 Nxd5 10. N1d2 Be7 11. Ne4 b6 {LiveBook: 3 Games} 12. Ng5 Bxg5 13. Bxg5 f6 14. Bd2 O-O 15. Qb1 $146 ({Predecessor:} 15. e3 Qd7 16. Qe2 Rac8 17. Rfd1 {½-½ (17) Stohl,I (2495)-Vesselovsky,S (2333) Czech Republic 2016}) 15... Qe8 16. Rd1 Rd8 17. Qe4 Qf7 18. Qa4 Bd7 19. Qa3 Bc8 20. Rac1 Bb7 21. Qa4 Rd6 22. e4 Nde7 23. Bf1 Qh5 24. Qc4+ Kh8 25. Be2 Qg6 26. Be3 Rfd8 27. Rxd6 Rxd6 28. Rd1 Rxd1+ 29. Bxd1 Qe8 30. Nd2 Qd7 31. Qf7 {[#] Bh6! is the strong threat.} Qd8 (31... h6 {keeps more tension.} 32. b4 Nd4 33. a4 Qc7 34. Bg4 f5) 32. Bb3 {Black must now prevent Nc4.} Qg8 33. Qh5 Qf8 34. Nc4 Nc8 35. h4 $40 {[%mdl 128] White is up to no good.} Nd4 (35... N6e7 $11 {remains equal.}) 36. Bxd4 $1 $16 exd4 37. Nd2 Nd6 38. Qg4 Qe7 {[%cal Rd6e4]} 39. f3 f5 (39... Bc8 $11 40. Qh5 Bb7) 40. Qf4 fxe4 41. Nxe4 Ne8 42. Kf2 h6 43. Bc2 ({White should play} 43. Qf7 $16 Qxf7 44. Bxf7) 43... Ba6 44. a3 Bc4 45. Qd2 Qd7 (45... Qe5 $14) 46. Qb4 {[#] White wants to mate with Qf8+.} Qf7 47. Nd2 d3 48. Ba4 Ba6 49. Bb3 Qf6 50. Qc3 (50. Qe4 $16 Nd6 51. Qd5) 50... Qf5 ({Black should try} 50... Qe7 $14) 51. Kg2 Nd6 52. Qd4 Qc5 53. Qf4 {Hoping for Qf8+.} Nf5 54. Ne4 Ne3+ $2 {[%mdl 8192]} (54... Qc8 $16) 55. Kh2 $18 Nf1+ 56. Kh1 Qc8 {( -> ...Qh3+)} 57. Kg2 {Strongly threatening Nd6.} d2 {intending ...Bc4.} 58. Nxd2 Nxd2 59. Qxd2 Bb7 60. Qd3 Ba6 61. Qe4 Bb7 62. Qe6 (62. Qe7 $18) 62... Qf8 63. Qe3 Bc6 {Precision: White = 53%, Black = 46%.} 1-0

[Event "Chess House GM-Tourney 2018"]
[Site "Aarhus"]
[Date "2018.02.18"]
[Round "9"]
[White "Rossen, Claus"]
[Black "Christensen, Tobias"]
[Result "1/2-1/2"]
[WhiteElo "2203"]
[BlackElo "2337"]
[Annotator "TA"]
[PlyCount "37"]
[EventDate "2018.??.??"]
[EventType "tourn"]
[EventCountry "DEN"]
[SourceTitle "playchess.com"]
[Source "ChessBase"]
[SourceQuality "1"]

{[%evp 9,37,12,18,2,3,0,2,-12,-7,-14,-14,-11,0,0,0,0,0,0,0,-12,-8,-2,0,0,0,-8,7,7,3,-4]} 1. d4 e6 2. c4 f5 3. Nc3 Nf6 4. Bg5 Bb4 5. Qc2 O-O {LiveBook: 3 Games. The position is equal.} (5... h6 6. Bxf6 Qxf6 7. Nf3 b6 8. a3 Bxc3+ 9. Qxc3 Bb7 10. Rc1 O-O 11. g3 Be4 12. Bg2 c5 13. dxc5 Qxc3+ 14. Rxc3 bxc5 {0-1 (49) Jakab,A (2413)-Hoang,T (2482) Hungary 2010}) 6. a3 {A85: Dutch Defence: 2 c4 Nf6 3 Nc3} Bxc3+ 7. Qxc3 b6 8. Nf3 h6 9. Bxf6 Qxf6 10. g3 Bb7 11. Bg2 d6 12. O-O Nd7 13. Rac1 Be4 14. Ne1 $146 {[%cal Bf3e1,Be1g2,Bg2e3][%mdl 32]} Bxg2 15. Nxg2 Rad8 16. b4 g5 17. f4 e5 18. dxe5 dxe5 19. Ne3 {Precision: White = 63%, Black = 74%.} 1/2-1/2

[Event "Chess House GM-Tourney 2018"]
[Site "Aarhus"]
[Date "2018.02.18"]
[Round "9"]
[White "Jacobsen, Mikkel Manosri"]
[Black "Fries-Nielsen, Jens Ove"]
[Result "0-1"]
[WhiteElo "2161"]
[BlackElo "2349"]
[Annotator "TA"]
[PlyCount "66"]
[EventDate "2018.??.??"]
[EventType "tourn"]
[EventCountry "DEN"]
[SourceTitle "playchess.com"]
[Source "ChessBase"]
[SourceQuality "1"]

{[%evp 9,66,35,50,39,48,38,31,6,35,31,44,0,0,0,0,0,0,-2,0,-60,-72,-72,-65,-210,-228,-229,-214,-268,-283,-265,-264,-300,-216,-206,0,0,0,14,41,-165,129,-280,-46,-346,-337,-316,-328,-312,-327,-1912,-1783,-7180,-4034,-5415,-1729,-5412,-2502,-29990,-29989]} 1. Nf3 g6 2. d4 Bg7 3. c4 e6 (3... c5 4. d5 d6 5. e4 e6 6. Bd3 exd5 7. cxd5 Bg4 8. Nbd2 Nf6 9. O-O O-O 10. h3 Bxf3 11. Nxf3 c4 12. Bxc4 Nxe4 13. Re1 Re8 {1-0 (42) Giri,A (2752)-Adhiban,B (2655) Wijk aan Zee 2018}) 4. h4 h6 5. Nc3 d6 $146 ({Predecessor:} 5... Ne7 6. e4 d5 7. Bd3 Nbc6 8. Be3 Nb4 9. Qa4+ Nec6 10. Be2 Bd7 11. Qd1 dxe4 12. Nxe4 {1-0 (31) Teplyi,I (2398)-Fries Nielsen,J (2397) Kolding 2014}) 6. e4 {A40: Unusual replies to 1 d4} Nf6 7. Bf4 Nc6 {[%cal Bb8c6,Bc6e7,Be7f5,Bf5d4][%mdl 32]} 8. Be2 {White is slightly better.} a6 9. Qd2 Ng4 10. d5 e5 11. Be3 Ne7 12. h5 f5 {...f4 is the strong threat.} 13. g3 g5 14. exf5 (14. Nxg5 $11 Nxe3 15. Ne6 Bxe6 16. dxe6) 14... Nxf5 $15 15. Ne4 O-O 16. Bxg5 (16. Nh2 $15 Nfxe3 17. fxe3) 16... hxg5 $19 17. Nfxg5 Nd4 {Hoping for ...Bh6.} 18. h6 Nxh6 19. O-O-O Bf5 20. Rh4 Qe8 21. Rdh1 Qa4 $2 (21... Nf7 $19 {aiming for ...Nxg5.} 22. Nh7 Qe7 23. Nxf8 Rxf8) 22. b3 $1 $11 {[%cal Rb3a4]} Qa3+ 23. Kd1 Nf7 24. Bd3 $2 (24. Bg4 $14) 24... Nh8 $2 {[#]} (24... Nxg5 $1 $19 25. Nxg5 Rae8) 25. Rxh8+ $2 ({White should play} 25. Ne6 $1 $16 {[%mdl 512] White threatens Qg5 and mate.} Nxe6 26. dxe6) 25... Bxh8 $15 {[#]} 26. Ne6 $1 {[%mdl 8704]} Bg4+ $19 (26... Nxe6 27. Rxh8+ $1 {[%mdl 512]} Kxh8 28. dxe6 $19) 27. f3 Bxf3+ 28. Ke1 {Qg5+ would kill now.} Bg7 $1 {[#]} ({Weaker is} 28... Bxh1 29. Qg5+ Kf7 30. Nxd6+ $1 {[%mdl 512]} Qxd6 31. Bg6+ Kg8 32. Bh5+ Kh7 33. Qg6#) 29. Qg5 $2 (29. Rh7 $3 {[%mdl 512]} Nxe6 (29... Kxh7 30. Nf6+) 30. dxe6) 29... Nxe6 30. Rh8+ Kxh8 31. dxe6 Qb4+ 32. Nd2 e4 {[%cal Be5e4,Be4d3][%mdl 32] ( -> ...Qc3)} 33. e7 exd3 {Precision: White = 38%, Black = 52%.} 0-1